Missing Word: 'B' Song Endings Quiz Stats

 Plays Quiz Updated Feb 23, 2015

Challenge
Share
Tweet
Embed
Score 0/20 Timer 04:00
0 Plays Today
Song Missing Word % Correct
Genie In A _____Bottle
98.6%
Free As A _____Bird
94.6%
(Shake, Shake, Shake) Shake Your _____Booty
90.5%
Paint It, _____Black
88.6%
(Sittin' On) The Dock Of The _____Bay
85.4%
Rock Your _____Body
78.7%
We're An American _____Band
76.8%
London _____Bridge
75.8%
You're _____Beautiful
75.1%
Love Is A _____Battlefield
70.4%
Song Missing Word % Correct
I'm A _____Believer
66.6%
Heart-Shaped _____Box
60.1%
Jungle _____Boogie
57.8%
Dueling _____Banjos
56.8%
Under The _____Boardwalk
56.8%
Take A _____Bow
56.3%
One Night In _____Bangkok
43.2%
Wooly _____Bully
42.6%
She _____Bop
32.9%
Knockin' Da _____Boots
26.9%

Today's Daily Dose

Missing Word
Podcasts A-Z

Word Ladder
Rowing

On This Day
January 22nd II

You're not logged in!

Compare scores with friends on all Sporcle quizzes.
OR
Log In

You Might Also Like...

Show Comments

Extras

Top Quizzes Today


Score Distribution

Your Account Isn't Verified!

In order to create a playlist on Sporcle, you need to verify the email address you used during registration. Go to your Sporcle Settings to finish the process.

Report this User

Report this user for behavior that violates our Community Guidelines.

Details: